| 000 | 01199cad a22001935a 4500 | ||
|---|---|---|---|
| 001 | L150739 | ||
| 008 | 100825s2010 xxk f 000 0 eng d | ||
| 035 | _a(Sirsi) u150739 | ||
| 041 | 0 | _aeng | |
| 110 | 2 |
_aLondon _bGreater London Authority _93989 |
|
| 245 | 0 | 0 |
_aLondon housing design guide _binterim edition _h[electronic resource] |
| 260 |
_aLondon _bLondon Development Agency _c2010 |
||
| 520 | _aInterim London Housing Design Guide is published which sets out the Mayor of London?s aspirations for the design of new housing. This sets a new benchmark for housing in the capital with all housing built on London Development Agency Land expected to meet these standards which from April 2011 will also apply to housing schemes applying for funding from the London homes and Communities Agency. This Interim Edition may be subject to further changes before a final version is produced next year. | ||
| 590 | _aKA NTK | ||
| 651 | 4 | _aLondon | |
| 690 | _aPROPERTY-RESIDENTIAL PROPERTY-DOMESTIC RESIDENTIAL PROPERTY-HOUSING | ||
| 856 | 4 | 0 |
_uhttps://www.london.gov.uk/sites/default/files/Interim%20London%20Housing%20Design%20Guide.pdf _zView the item free of charge at www.london.gov.uk |
| 942 | _n0 | ||
| 999 |
_c110963 _d110963 |
||